000 00860cam a2200205 a 4500
020 _a9694130573 :
020 _a9694130700 (v. 7)
020 _a9694780004 :
082 _a954.91
_bWAH
_cL-40, P-61
100 1 _aJinnah, Mohammad Ali,
_946472
245 1 4 _aThe nation's voice, towards consolidation :
_bspeeches and statements /
_cQuaid-i-Azam Mohammad Ali Jinnah ; edited by Waheed Ahmad.
260 _aKarachi, Pakistan :
_bQuaid-i-Azam Academy,
_c1992-<2003>
300 _av. <1-3, 7> ;
_c22 cm.
500 _aVol. 7 has title: The nation's voice
505 1 _a[v. 1] March 1935-March 1940 -- v. 2. United we win -- v. 3. Unity, faith, and discipline -- v. 7. Launching the state and the end of the journey
526 _a0
_b0
_c0
_d954_910000000000000_WAH
650 0 _aPakistan movement.
_9203
700 1 _aAhmad, Waheed.
_946473
942 _2ddc
_cBK
999 _c549809
_d549809